Le naturalisme, avec un florilêge des principaux écrivains naturalistes / (Record no. 52824)

MARC details
000 -LEADER
campo de control de longitud fija 00592nam a2200181 i 4500
001 - NÚMERO DE CONTROL
campo de control 52824
003 - IDENTIFICADOR DE NÚMERO DE CONTROL
campo de control ES-MaACL
005 - FECHA Y HORA DE LA ÚLTIMA TRANSACCIÓN
campo de control 20250801145852.0
007 - CAMPO FIJO DE DESCRIPCIÓN FÍSICA--INFORMACIÓN GENERAL
campo de control de longitud fija t|
008 - DATOS DE LONGITUD FIJA--INFORMACIÓN GENERAL
campo de control de longitud fija 030904s1929 fr ||||1| fre d
100 1# - ENTRADA PRINCIPAL--NOMBRE DE PERSONA
Nombre de persona Deffoux, Leon.
9 (RLIN) 43202
245 13 - MENCIÓN DEL TÍTULO
Título Le naturalisme, avec un florilêge des principaux écrivains naturalistes /
Mención de responsabilidad, etc. par Leon Deffoux.
260 ## - PUBLICACIÓN, DISTRIBUCIÓN, ETC.
Lugar de publicación, distribución, etc. Paris :
Nombre del editor, distribuidor, etc. Les oeuvres representatives,
Fecha de publicación, distribución, etc. 1929 (
Lugar de fabricación/manufactura Abbeville, Some :
Fabricante F. Paillart)
300 ## - DESCRIPCIÓN FÍSICA
Extensión 286 p. ;
Dimensiones 20 cm.
650 07 - PUNTO DE ACCESO ADICIONAL DE MATERIA--TÉRMINO DE MATERIA
Término de materia o nombre geográfico como elemento de entrada Naturalismo (Literatura)
Fuente del encabezamiento o término embne
9 (RLIN) 15490
852 ## - LOCALIZACIÓN
Ubicación ES-MaACL
Número de control de estantería A-2233
Holdings
Estatus retirado Estado de pérdida Estado de daño No para préstamo Biblioteca de origen Biblioteca actual Ubicación en estantería Fecha de adquisición Fuente de adquisición Total de préstamos Signatura topográfica completa Código de barras Visto por última vez Precio de reemplazo Tipo de ítem Koha
        Biblioteca del Ateneo de Madrid Biblioteca del Ateneo de Madrid Sala Pecera Planta 1 17/01/2008     A-2233 1055516 23/02/2023 23/02/2023 Libro impreso